000 00311nam a2200133Ia 4500
005 20260328104313.0
008 260328s9999||||xx |||||||||||||| ||und||
100 _aMestre, Octavio
245 0 _aEfficient Offices /
_cOctavio Mestre
260 _bMonsa
300 _a138 p.
650 _aOFICINAS
942 _cBK
999 _c11059
_d11059